Normal view
MARC view
Entry Topical Term
001 - CONTROL NUMBER
- control field: 33656
003 - CONTROL NUMBER IDENTIFIER
- control field: OSt
005 - DATE AND TIME OF LATEST TRANSACTION
- control field: 20221012125534.0
008 - FIXED-LENGTH DATA ELEMENTS
- fixed length control field: 221012|| aca||aabn | a|a d
040 ## - CATALOGING SOURCE
- Original cataloging agency: OSt
- Transcribing agency: OSt
150 ## - HEADING--TOPICAL TERM
- Topical term or geographic name entry element: India, US, China, United Nations, Peacekeeping, Joint training, Joint working group, Triangular cooperation, Challenges, Prospects.
670 ## - SOURCE DATA FOUND
- Source citation: Work cat.: (OSt): Bishoyi, Saroj 33655, India-US peacekeeping cooperation
